Los telepiratas /
Guardado en:
| Autor Principal: | |
|---|---|
| Formato: | Libro |
| Publicado: |
Buenos Aires :
Alfaguara,
1997.
|
| Series: | Alfaguara Juvenil. Serie Azul
|
| Materias: | |
| Etiquetas: |
Agregar Etiqueta
Sin Etiquetas, Sea el primero en etiquetar este registro!
|
| LEADER | 00723nam a22002175a 4500 | ||
|---|---|---|---|
| 001 | CEM.cems019677 | ||
| 008 | 221006s1997##################000#0#####d | ||
| 005 | 20221006095142.0 | ||
| 245 | 1 | 0 | |a Los telepiratas / |c Roy Berocay. |
| 260 | |a Buenos Aires : |b Alfaguara, |c 1997. | ||
| 300 | |a 101 p. | ||
| 490 | 0 | |a Alfaguara Juvenil. Serie Azul | |
| 020 | |a 9789974590069 | ||
| 100 | 1 | |a Berocay, Roy. | |
| 082 | 0 | 4 | |a U863.4 |
| 653 | |a Litertura uruguaya | ||
| 653 | |a Novela | ||
| 653 | |a Novela juvenil | ||
| 859 | |a CEMS |b BIB. CEMS - Inicial y Primaria |h U863.4 |i B458 |k IP |p 1217 |t Ej.1 | ||
| 859 | |a CEMS |b BIB. CEMS - Inicial y Primaria |h U863.4 |i B458 |k IP |p 1425 |t Ej.2 | ||
| 859 | |a CEMS |b BIB. CEMS - Inicial y Primaria |h U863.4 |i B458 |k IP |p 2082 |t Ej.3 | ||
